Propuesta metodológica mejorada en cuanto a tipo de análisis de información socioeconómica de paisajes rurales (Registro nro. 4931)

Detalles MARC
000 -CABECERA
Campo de control 01732nam a2200229 a 4500
005 - FECHA Y HORA DE LA ULTIMA TRANSACCION
Campo de control 20150105115049.0
008 - ELEMENTOS DE LONGITUD FIJA—INFORMACION GENERAL
Campo de control 150105b xxu||||| |||| 00| 0 spa d
040 ## - FUENTE DE CATALOGACIÓN
Agencia transcriptora CO-BoIH
041 ## - IDIOMA
Código de idioma para texto/pista de sonido o título separado Español
090 ## - CLASIFICACIÓN LOCAL
Colección IAVH
Consecutivo 00472
100 ## - ASIENTO PRINCIPAL--NOMBRE PERSONAL
Nombre personal Ríos Katto, Clara Inés
245 ## - MENCION DE TITULO
Título Propuesta metodológica mejorada en cuanto a tipo de análisis de información socioeconómica de paisajes rurales
260 ## - PUBLICACION, DISTRIBUCION, ETC. (PIE DE IMPRENTA)
Lugar de publicación, distribución, etc. Manizales
Nombre del editor, distribuidor, etc. Instituto Alexander von Humboldt
Fecha de publicación, distribución, etc. 2005
300 ## - DESCRIPCION FISICA
Extensión 33 p.
520 ## - NOTA DE RESUMEN, ETC.
Nota de resumen A partir de caracterizaciones biológicas y socioeconómicas de paisajes rurales se desarrolla una propuesta de identificación de oportunidades de conservación en paisajes rurales, que permite establecer un orden de prioridades de sitios donde se encuentren elementos del paisaje con una composición y estructura biótica de interés para la conservación de la biodiversidad y donde, además, se den condiciones socioeconómicas que faciliten procesos que permitan conservar esa biodiversidad, sin afectar de manera negativa el sistema productivo. La caracterización socioeconómica de paisajes rurales se encamina a identificar elementos relacionados con el modo de ocupación del territorio, la toma de decisiones, los sistemas de producción, el manejo, conocimiento y uso de recursos naturales y cultivados asociados al sistema productivo. En los anexos se incluye el formulario completo de una encuesta muy completa sobre caracterización socioeconómica de paisajes rurales
650 ## - ASIENTO SECUNDARIO DE MATERIA - TERMINO TEMATICO
Término temático o nombre geográfico como elemento de entrada Paisajes rurales
650 ## - ASIENTO SECUNDARIO DE MATERIA - TERMINO TEMATICO
Término temático o nombre geográfico como elemento de entrada Caracterización biológica y económica
650 ## - ASIENTO SECUNDARIO DE MATERIA - TERMINO TEMATICO
Término temático o nombre geográfico como elemento de entrada Conservaciónde biodiversidad
650 ## - ASIENTO SECUNDARIO DE MATERIA - TERMINO TEMATICO
Término temático o nombre geográfico como elemento de entrada Sistemas productivos
942 ## - ELEMENTOS ADICIONALES (KOHA)
Tipo de ítem Informe Técnico
Sistema de clasificación Local
945 ## - PROCESAMIENTO LOCAL
AAAA-MM-DD - Fecha de ingreso o modificacion 2005-12-05
Existencias
Withdrawn status Lost status Sistema de Clasificación Damaged status No para préstamo Colección Inventariado Ubicación Permanente Ubicación actual Fecha de adquisición Fuente de Valor Total Checkouts Número topográfico Inventario / Código de Barras Date last seen Ejemplar Price effective from Forma de adquisición Tipo de material
    Local     Humboldt Inventariado 2017 Bogotá Bogotá 05/12/2005 CID Humboldt   IAVH-00472 022449 09/08/2024 Ej.1 04/12/2012   Informe Técnico